[Event "Niederbayernliga 0607"]
[Site "Germany"]
[Date "2007.??.??"]
[Round "6.8"]
[White "Hofmann, Paul"]
[Black "Liebl, Wolfgang"]
[Result "1/2-1/2"]
[WhiteElo "1749"]
[BlackElo "1398"]
[PlyCount "62"]
[EventDate "2006.??.??"]
[EventType "team"]
[EventRounds "9"]
[EventCountry "GER"]
[SourceTitle "EXT 2008"]
[Source "ChessBase"]
[SourceDate "2007.11.25"]
[SourceVersion "1"]
[SourceVersionDate "2007.11.25"]
[SourceQuality "1"]
[WhiteTeam "Ergolding"]
[BlackTeam "Kauflanden"]
[WhiteTeamCountry "GER"]
[BlackTeamCountry "GER"]

1. e4 c5 2. Nf3 Nc6 3. d4 cxd4 4. Nxd4 e5 5. Nb3 Nf6 6. Bd3 Be7 7. 0-0 0-0 8. Re1 d6 9. c4 b6 10. Nc3 Bb7 11. Nd5 Nxd5 12. cxd5 Nb4 13. Bb1 Rc8 14. Bd2 Na6 15. Bd3 Bg5 16. Rc1 Bxd2 17. Qxd2 Rxc1 18. Rxc1 Qd7 19. a3 Rc8 20. Rc3 Rxc3 21. Qxc3 Qc8 22. Qxc8+ Bxc8 23. Nd2 Nc5 24. Bc2 Ba6 25. b4 Nd3 26. g3 h6 27. Bxd3 Bxd3 28. f4 f6 29. Kf2 g5 30. Ke3 Bb5 31. Nb1 Bd7 1/2-1/2

[Event "Niederbayernliga 0607"]
[Site "Germany"]
[Date "2006.??.??"]
[Round "4.8"]
[White "Feichtinger, Hans"]
[Black "Liebl, Wolfgang"]
[Result "1-0"]
[WhiteElo "1869"]
[BlackElo "1398"]
[PlyCount "43"]
[EventDate "2006.??.??"]
[EventType "team"]
[EventRounds "9"]
[EventCountry "GER"]
[SourceTitle "EXT 2008"]
[Source "ChessBase"]
[SourceDate "2007.11.25"]
[SourceVersion "1"]
[SourceVersionDate "2007.11.25"]
[SourceQuality "1"]
[WhiteTeam "Deggendorf"]
[BlackTeam "Kauflanden"]
[WhiteTeamCountry "GER"]
[BlackTeamCountry "GER"]

1. d4 d5 2. c4 e6 3. Nc3 Nf6 4. Nf3 h6 5. e3 Nbd7 6. Bd3 dxc4 7. Bxc4 b6 8. 0-0 Bb7 9. Qe2 c5 10. Rd1 Qc7 11. e4 cxd4 12. Nxd4 Bc5 13. Nb3 0-0 14. Nxc5 Nxc5 15. f3 Rfd8 16. Be3 Nfd7 17. Nb5 Qb8 18. b4 Na6 19. a3 Ne5 20. Bf4 Bc6 21. Rxd8+ Qxd8 22. Bxe5 1-0